Rendez-vous espagnols / (Record no. 129366)
[ view plain ]
| 000 -LEADER | |
|---|---|
| campo de control de longitud fija | 00672nam a2200217 i 4500 |
| 001 - NÚMERO DE CONTROL | |
| campo de control | 129366 |
| 003 - IDENTIFICADOR DE NÚMERO DE CONTROL | |
| campo de control | ES-MaACL |
| 005 - FECHA Y HORA DE LA ÚLTIMA TRANSACCIÓN | |
| campo de control | 20230906193503.0 |
| 007 - CAMPO FIJO DE DESCRIPCIÓN FÍSICA--INFORMACIÓN GENERAL | |
| campo de control de longitud fija | t| |
| 008 - DATOS DE LONGITUD FIJA--INFORMACIÓN GENERAL | |
| campo de control de longitud fija | 070613s1928 fr ||||1| fre d |
| 080 ## - NÚMERO DE LA CLASIFICACIÓN DECIMAL UNIVERSAL | |
| Número de la Clasificación Decimal Universal | 94(460)"1923/30" |
| 080 ## - NÚMERO DE LA CLASIFICACIÓN DECIMAL UNIVERSAL | |
| Número de la Clasificación Decimal Universal | 94(64)"1912/56" |
| 100 1# - ENTRADA PRINCIPAL--NOMBRE DE PERSONA | |
| Nombre de persona | Tharaud, Jérôme. |
| 9 (RLIN) | 109867 |
| 245 10 - MENCIÓN DEL TÍTULO | |
| Título | Rendez-vous espagnols / |
| Mención de responsabilidad, etc. | par Jérôme Tharaud et Jean Tharaud. |
| 260 ## - PUBLICACIÓN, DISTRIBUCIÓN, ETC. | |
| Lugar de publicación, distribución, etc. | París : |
| Nombre del editor, distribuidor, etc. | Plon, |
| Fecha de publicación, distribución, etc. | 1928. |
| 300 ## - DESCRIPCIÓN FÍSICA | |
| Extensión | 64 p. ; |
| Dimensiones | 17 cm. |
| 651 #4 - PUNTO DE ACCESO ADICIONAL DE MATERIA--NOMBRE GEOGRÁFICO | |
| Nombre geográfico | España- |
| Subdivisión general | Historia- |
| Subdivisión cronológica | 1923-1930, Dictadura. |
| 9 (RLIN) | 8281 |
| 651 #4 - PUNTO DE ACCESO ADICIONAL DE MATERIA--NOMBRE GEOGRÁFICO | |
| Nombre geográfico | Marruecos- |
| Subdivisión general | Historia- |
| Subdivisión cronológica | 1912-1956, Protectorado español. |
| 9 (RLIN) | 9029 |
| 700 1# - ENTRADA AGREGADA--NOMBRE PERSONAL | |
| Nombre de persona | Tharaud, Jean. |
| 9 (RLIN) | 109866 |
| 852 ## - LOCALIZACIÓN | |
| Ubicación | ES-MaACL |
| Número de control de estantería | B-6765 |
| Estatus retirado | Estado de pérdida | Estado de daño | No para préstamo | Biblioteca de origen | Biblioteca actual | Ubicación en estantería | Fecha de adquisición | Fuente de adquisición | Total de préstamos | Signatura topográfica completa | Código de barras | Visto por última vez | Precio de reemplazo | Tipo de ítem Koha |
|---|---|---|---|---|---|---|---|---|---|---|---|---|---|---|
| Biblioteca del Ateneo de Madrid | Biblioteca del Ateneo de Madrid | Sala Pardo Bazán | 17/01/2008 | B-6765 | 1134717 | 23/02/2023 | 23/02/2023 | Libro impreso |
